1688 1016 1958 1851 1031 1841 1267 1228 1129 1696 1013 1884 1242 1004 1489 1657 1415 1426 1941 1026 1398 1519 1519 1145 1894 1623 1361 1091 1088 1712 1444 1755 1041 1231 1457 1954 1125 1520 1219 1292 1506 1019 1423 1470 1207 1088 1550 1511 1023 1572 1000 1335 1998 1770 1520 1329 1978 1893 1460 1912 1544 1319 1843 1685 1572 1348 1783 1698 1538 1998 1530 1084 1676 1909 1340 1804 1820 1978 1953 1529 1919 1097 1560 1481 1262 1156 1806 1300 1218 1618 1027 1441 1544 1509 1081 1021 1916 1701 1914 BCNSPRNW ULIB Ver.6.0+V

เปลี่ยนเป็นภาษาไทย

Change to English
 แสดงรายละเอียดบรรณานุกรม
  กลับหน้าหลัก

Brief Record : Get Marc (ISO 2709) : E-mail record : QR code < ปิดหน้าต่าง
LEADER : 00000nam 2200000uu 4500
001    13399120998
003     ULIB
008    020711s2548 th a 000 0 tha d
020    9789746114929(ล2)
020    9746114921(ล.2)
050    HG4515^bส719ก
110    มหาวิทยาลัยสุโขทัยธรรมาธิราช.^bสาขาวิทยาการจัดการ
245    การลงทุน หน่วยที่7-15/^cมหาวิทยาลัยสุโขทัยธรรมาธิราช
250    พิมพ์ครั้งที่ 13
260    นนทบุรี :^bมหาวิทยาลัยสุโขทัยธรรมาธิราช.,^c2548
650    การลงทุน
945    ^p0^l0^i24394
945    ^p0^l0^i24395
999    ^aทศพร เกษรทอง
รายการนี้ยังไม่มีแท็ก
คุณยังไม่ได้ล็อกอิน คุณสามารถมีกิจกรรมร่วมกับเว็บไซต์ได้ แต่ต้องล็อกอินก่อน ::
  ล็อกอิน

รายการสื่อสารสนเทศ

ลำดับที่ ประเภท เลขเรียก/บาร์โค้ด สถานที่ สถานะ
1. วิทยาศาสตร์การแพทย์ และสุขภาพ
วิทยาศาสตร์การแพทย์ และสุขภาพ
HG4515 ส719ก ฉ.1 
  Barcode: 24394
ห้องสมุดวิทยาเขตสวรรค์ประชารักษ์
►หนังสือทั่วไป
บนชั้น
2. วิทยาศาสตร์การแพทย์ และสุขภาพ
วิทยาศาสตร์การแพทย์ และสุขภาพ
HG4515 ส719ก ฉ.2 
  Barcode: 24395
ห้องสมุดวิทยาเขตสวรรค์ประชารักษ์
►หนังสือทั่วไป
บนชั้น

รายการใกล้เคียง
    หัวเรื่อง [การลงทุน]

BibComment


ยังไม่เคยถูกคอมเมนท์

คอมเมนท์ทรัพยากรรายการนี้
  คอมเมนท์: การลงทุน หน่วยที่..


 Copyright 2026. Bcnsprnw @Library